Lessons from privatization : labour issues in developing and transitional countries (Record no. 31985)

MARC details
000 -LEADER
fixed length control field 00769nam a2200181Ia 4500
020 ## - INTERNATIONAL STANDARD BOOK NUMBER
ISBN 9789221094524
050 ## - CALL MARK
Classification number HD 5852 .R65/
100 ## - STATEMENT OF RESPONSIBILITY--MAIN AUTHOR NAME
Personal name Edited by Rolph Van der Hoeven and Gyorgy Sziracki.
245 #0 - TITLE STATEMENT
Title Lessons from privatization : labour issues in developing and transitional countries
260 ## - PUBLICATION, DISTRIBUTION, ETC. (IMPRINT)
Place of publication Geneva
260 ## - PUBLICATION, DISTRIBUTION, ETC. (IMPRINT)
Name of publisher International Labour Office
260 ## - PUBLICATION, DISTRIBUTION, ETC. (IMPRINT)
Year of publication 1997
300 ## - PHYSICAL DESCRIPTION
Number of Pages 191 p
650 ## - SUBJECT ADDED ENTRY--TOPICAL TERM
Topical Term Labor market--Developing countries. Unemployment--Developing countries. Privatization--Developing countries. Government business enterprises--Employees--Supply and demand--Developing countries. Structural adjustment (Economic policy)--Developing countries.
942 ## - ADDED ENTRY ELEMENTS (KOHA)
Koha item type Books
Holdings
Withdrawn status Lost status Source of classification or shelving scheme Damaged status Not for loan Permanent Location Current Location Date acquired Accession Number Price effective from Koha item type
    Library of Congress Classification     NILE UNIVERSITY OF NIGERIA - MAIN LIBRARY NILE UNIVERSITY OF NIGERIA - MAIN LIBRARY 04/23/2025 0194522 04/23/2025 Books